Couplings and bearings (Record no. 10560)

000 -LEADER
fixed length control field 00516nam a22001931 4500
001 - CONTROL NUMBER
control field 10560
003 - CONTROL NUMBER IDENTIFIER
control field BD-DhUET
008 - FIXED-LENGTH DATA ELEMENTS--GENERAL INFORMATION
fixed length control field 710419s1968 ne a b 000 0 eng
040 ## - CATALOGING SOURCE
Original cataloging agency DLC
Transcribing agency DLC
Modifying agency BD-DhUET
082 ## - DEWEY DECIMAL CLASSIFICATION NUMBER
Classification number 621.825
Item number BRO/1968
100 ## - MAIN ENTRY--PERSONAL NAME
Personal name Broersma, Ir. G.
245 10 - TITLE STATEMENT
Title Couplings and bearings
250 ## - EDITION STATEMENT
Edition statement 1st. ed.
260 ## - PUBLICATION, DISTRIBUTION, ETC. (IMPRINT)
Place of publication, distribution, etc. Culemborg
Name of publisher, distributor, etc. Technical Publications
Date of publication, distribution, etc. 1968
300 ## - PHYSICAL DESCRIPTION
Extent viii, 120 p.
Dimensions 30 cm.
490 0# - SERIES STATEMENT
Series statement Stam series on advanced mechanical engineering
650 #0 - SUBJECT ADDED ENTRY--TOPICAL TERM
Topical term or geographic name as entry element Couplings
942 ## - ADDED ENTRY ELEMENTS (KOHA)
Koha item type General Book
Holdings
Koha full call number Piece designation (barcode) Location (home branch) Copy number Shelving location Damaged status Date acquired Not for loan Koha date last seen Koha normalized classification for sorting Sublocation or collection (holding branch) Lost status Withdrawn status Price effective from Source of classification or shelving scheme Koha item type
621.825/BRO/196853271Central Library, BUET1Circulation section 2015-02-08 2015-02-08621_825000000000000_BRO_1968Central Library, BUET  2015-02-08 General Book
621.825/BRO/196853272Central Library, BUET2Circulation section 2015-04-26 2015-04-26621_825000000000000_BRO_1968Central Library, BUET  2015-04-26 General Book